000 00388nam a2200169Ia 4500
003 STCL
008 181203s9999 xx 000 0 und d
020 _a9788189833329
040 _aSTCL
_bEN
_cSTCL
082 _222
100 _aRenton, Dave
245 0 _aFascism: Theory and Practice
260 _bAakar Books
_aDelhi
_c2007
300 _a150
546 _aEnglish
942 _2ddc
_cBK
999 _c83602
_d83602